00632 2200229 4500001002100000005001500021035002000036245008300056100002800139250000600167300003500173260004400208082001000252084001600262020002200278650001700300990001700317990001700334990001700351990001700368990001700385INLIS00000000000086520190314015023 a0010-03190000781 aKeanekaragaman Flora Indonesia :bSeri Tanaman Hias /cDra. Sri Handayani, Msi0 aDra. Sri Handayani, Msi a- aii, 62 hlm. :bilus. ;c21 cm. aJakarta :bPT Lestari Kiranatama,c2010 a635.9 a635.9 SRI k a978-602-8982-00-9 aTanaman Hias a03088/H/2018 a03089/H/2018 a03090/H/2018 a03091/H/2018 a03092/H/2018